Central Library OPAC University of Rajshahi

Rafi Ahmad Kidwai : (Record no. 25883)

MARC details
000 -LEADER
fixed length control field 00833nam a22002532a 4500
001 - CONTROL NUMBER
control field 25883
003 - CONTROL NUMBER IDENTIFIER
rucl marc code BD-RjUL
005 - DATE AND TIME OF LATEST TRANSACTION
control field 20211209050936.0
008 - FIXED-LENGTH DATA ELEMENTS--GENERAL INFORMATION
fixed length control field 140319s1965 - f 000 0 eng d
035 ## - SYSTEM CONTROL NUMBER
System control number OCLC ocm10504599 from D951207M
-- (BD-RjUL) 25953
040 ## - CATALOGING SOURCE
Original cataloging agency AAM
Transcribing agency AAM
Modifying agency UKM
-- BD-RjUL
Language of cataloging eng
041 ## - LANGUAGE CODE
Language code of text/sound track or separate title eng
082 ## - DEWEY DECIMAL CLASSIFICATION NUMBER
Classification number 954.040924
Edition number 18
Author mark and year JAR 1965
090 ## - LOCALLY ASSIGNED LC-TYPE CALL NUMBER (OCLC); LOCAL CALL NUMBER (OCLC)
Classification number (OCLC) (R) ; Classification number, CALL (RLIN) (NR) DS481.K5
Local cutter number (OCLC) ; Book number/undivided call number, CALL (RLIN) J3
100 1# - MAIN ENTRY--PERSONAL NAME
Personal name Jain, A. P.
Fuller form of name (Ajit Pershad),
Dates associated with a name 1933-
9 (RLIN) 79531
245 10 - TITLE STATEMENT
Title Rafi Ahmad Kidwai :
Remainder of title a memoir of his life and times /
Statement of responsibility, etc. Ajit Prasad Jain
260 ## - PUBLICATION, DISTRIBUTION, ETC. (IMPRINT)
Place of publication, distribution, etc. London :
Name of publisher, distributor, etc. Asia Publishing House,
Date of publication, distribution, etc. 1965.
300 ## - PHYSICAL DESCRIPTION
Pagination ix, 130 p., [9] leaves of plates :
Illustrations ill. ;
Size 23 cm
504 ## - BIBLIOGRAPHY, ETC. NOTE
Bibliography, etc Includes index.
600 10 - SUBJECT ADDED ENTRY--PERSONAL NAME
Personal name Kidwai, Rafi Ahmad,
Dates associated with a name 1894-1954
650 ## - SUBJECT ADDED ENTRY--TOPICAL TERM
Topical term or geographic name as entry element Kidwai, Rafi Ahmad, 1894-1954
9 (RLIN) 79533
942 ## - ADDED ENTRY ELEMENTS (KOHA)
Source of classification or shelving scheme Dewey Decimal Classification
Koha item type Books
Holdings
Lost status Source of classification or shelving scheme Damaged status Not for loan Collection code Permanent Location Current Location Shelving location Date acquired Source of acquisition Cost, normal purchase price Total Checkouts Full call number Date last seen Copy number Koha item type
  Dewey Decimal Classification   Added to bundle Non-fiction Central Library, University of Rajshahi Central Library, University of Rajshahi Reading Room 22/07/1967 Sweets & Zeitlinger 28.00   954.040924 JAR 1965 19/03/2014 C-1 Books
  Dewey Decimal Classification     Non-fiction Central Library, University of Rajshahi Central Library, University of Rajshahi   18/07/1971 Not Fount. 0.00   954.040924 JAR 1965 27/03/2014 C-2 Books